00685nam a2200181Ia 4500999001700000082001200017100002200029245010300051260003900154300000800193504004100201650003700242650004200279650003400321710001700355942001200372952011900384 c22313d22313 aTK.0389 aKrishnamurthy, B. 0aTraining and entrepreneurship development insericulture industry: a case study of Belgaum division c2006bKarnatak University, Dharwad a358 aincludes appendices and bibliography aSericulturevBelgaum (Karnataka) aEntrepreneurshipvBelgaum (Karnataka) aTrainingvBelgaum (Karnataka) aMulla, N. I. cTH2ddc 00104070aNASSDOCbNASSDOCd2008-07-16eAUTHi2008-05-06l0oTK.0389p44385r2019-04-18 00:00:00w2019-04-18yTH